[Event "OS INCLIVES"]
[Site "http://www.queenalice.com/game.php?id=1401620"]
[Date "2015.12.31"]
[Round "-"]
[White "adelio"]
[Black "didene"]
[Result "0-1"]
[WhiteElo "1707"]
[BlackElo "2179"]

1. d4 Nf6 2. c4 e6 3. a3 d5 4. Nc3 dxc4 5. e4 c5 6. e5 cxd4 7. Be2 Nc6 8. exf6
dxc3 9. Qxd8+ Nxd8 10. bxc3 b5 11. a4 Bb7 12. Nf3 a6 13. Bg5 g6 14. Rd1 h6 15.
Be3 Nc6 16. O-O Ba3 17. Rd2 Rd8 18. Nd4 e5 19. Nxc6 Rxd2 20. Bxd2 Bxc6 21. axb5
Bxb5 22. Re1 g5 23. Bh5 O-O 24. Rxe5 Re8 25. Rd5 Bc1 26. h3 Bxd2 27. Rxd2 Re6
28. Rd8+ Re8 29. Rd2 Ba4 30. Rd4 Bb3 31. h4 gxh4 32. Rxh4 a5 33. Rg4+ Kh8 34.
Bxf7 Rf8 35. Rg7 a4 36. Kh2 a3 37. Bxc4 Bxc4 38. Rg4 a2 39. Rxc4 a1=Q 40. Rc6
Qf1 41. f7 Rxf7 42. Rxh6+ Kg7 43. Rh3 Qxf2 44. Rg3+ Kh6 45. Rh3+ Kg5 46. Rg3+
Kh4 47. Rh3+ Kg4 48. Rh8 Qg3+ 49. Kg1 Qe1+ 50. Kh2 Qe5+ 51. Kg1 Qxh8 52. c4 Qa1+
53. Kh2 Rh7# 0-1

[Event "OS INCLIVEIS"]
[Site "http://www.queenalice.com/game.php?id=1401621"]
[Date "2015.12.31"]
[Round "-"]
[White "didene"]
[Black "adelio"]
[Result "1-0"]
[WhiteElo "2180"]
[BlackElo "1705"]

1. e4 a6 2. d4 c5 3. Nf3 e6 4. Nc3 d6 5. Be2 Be7 6. dxc5 Nc6 7. cxd6 Bxd6 8. Be3
Be7 9. Qxd8+ Bxd8 10. O-O-O Nge7 11. Ng5 f6 12. Rxd8+ Nxd8 13. Nh3 e5 14. Ng1
Ndc6 15. Nf3 Be6 16. Na4 O-O 17. Nc5 Bf7 18. Nxb7 Bxa2 19. b3 Rab8 20. Nc5 Rb4
21. Kb2 Bxb3 22. cxb3 Rfb8 23. Bxa6 Nd4 24. Nxd4 exd4 25. Bd2 Nc6 26. Bxb4 Nxb4
27. Bc4+ Kh8 28. Rd1 h6 29. Na6 Rb6 30. Nxb4 Rxb4 31. Rxd4 Rb7 32. Kc3 Kh7 33.
b4 h5 34. b5 h4 35. Rd6 Ra7 36. b6 Ra1 37. b7 Rb1 38. Bb3 Rc1+ 39. Kb4 Re1 40.
b8=Q Rxe4+ 41. Kc3 Re5 42. Rd5 Rxd5 43. Bxd5 Kg6 44. Kd4 Kg5 45. Qh8 g6 46. f4+
Kf5 47. Qxh4 g5 48. Qh3+ g4 49. Qh5+ Kxf4 50. g3# 1-0

[Event "Challenge"]
[Site "http://www.queenalice.com/game.php?id=1405383"]
[Date "2016.1.21"]
[Round "-"]
[White "Scooby_99"]
[Black "didene"]
[Result "0-1"]
[WhiteElo "1867"]
[BlackElo "2181"]

1. d4 Nf6 2. Nc3 d5 3. Nf3 Bg4 4. h3 Bxf3 5. exf3 e6 6. Bd3 c5 7. dxc5 Bxc5 8.
O-O Nc6 9. Bg5 O-O 10. Bxf6 Qxf6 11. Ne2 Ne5 12. Ng3 Qg5 13. a3 Qxg3 14. Kh1
Bxf2 15. Qd2 Nxf3 0-1

[Event "AUTO-MASTER-2449"]
[Site "http://www.queenalice.com/game.php?id=1416656"]
[Date "2016.4.4"]
[Round "1"]
[White "PimPamPum"]
[Black "didene"]
[Result "1/2-1/2"]
[WhiteElo "2097"]
[BlackElo "2204"]

1. e4 c5 2. Nf3 d6 3. d4 cxd4 4. Nxd4 Nf6 5. Nc3 a6 6. Bg5 Nbd7 7. f4 e5 8. fxe5
dxe5 9. Nf5 Qb6 10. Qd2 Qxb2 11. Rb1 Qa3 12. Rb3 Qa5 13. Nd6+ Bxd6 14. Qxd6 Qc5
15. Qd3 Qc6 16. Qf3 Nc5 17. Rb4 O-O 18. Bxf6 Qxf6 19. Qxf6 gxf6 20. Nd5 Kg7 21.
Bd3 Be6 22. Ne3 Rfd8 23. Ke2 Bxa2 24. Bc4 Bxc4+ 25. Rxc4 Ne6 26. Nf5+ Kg6 27. c3
a5 28. Rf1 b5 29. Rc6 b4 30. Rf3 Nf4+ 31. Ke1 b3 32. Rg3+ Kh5 33. Ng7+ Kh4
1/2-1/2

[Event "AUTO-MASTER-2449"]
[Site "http://www.queenalice.com/game.php?id=1416657"]
[Date "2016.4.4"]
[Round "1"]
[White "didene"]
[Black "PimPamPum"]
[Result "1-0"]
[WhiteElo "2194"]
[BlackElo "2124"]

1. e4 e5 2. Nf3 Nf6 3. Nxe5 d6 4. Nf3 Nxe4 5. d4 d5 6. Bd3 Be7 7. O-O O-O 8. Bf4
Bg4 9. h3 Bh5 10. Nc3 Ng5 11. g4 Nxh3+ 12. Kh2 Bxg4 13. Be3 Bd6+ 14. Kg2 Nf4+
15. Bxf4 Bxf4 16. Rh1 h5 17. Ne2 Bd6 18. Ne5 Nd7 19. Nxg4 Qg5 20. Ng3 Qxg4 21.
Qxg4 1-0

[Event "AUTO-MASTER-2449"]
[Site "http://www.queenalice.com/game.php?id=1416670"]
[Date "2016.4.4"]
[Round "1"]
[White "didene"]
[Black "josebaron"]
[Result "1-0"]
[WhiteElo "2217"]
[BlackElo "2039"]

1. e4 e5 2. Nf3 Nc6 3. Bb5 d6 4. d4 exd4 5. Nxd4 Bd7 6. Nc3 Nf6 7. Bg5 Be7 8.
O-O O-O 9. Re1 h6 10. Bh4 Nxd4 11. Qxd4 Bxb5 12. Nxb5 Ng4 13. Bxe7 Qxe7 14. f4
a6 15. Nc3 Qh4 16. h3 Nf6 17. Qf2 Qxf2+ 18. Kxf2 c6 19. Rad1 Rfd8 20. Rd3 b5 21.
a3 a5 22. b4 axb4 23. axb4 Ne8 24. Ne2 c5 25. c3 cxb4 26. cxb4 Ra4 27. Rd4 f6
28. Nc3 Ra3 29. Nxb5 Ra2+ 30. Re2 Rxe2+ 31. Kxe2 Kf7 32. f5 g6 33. g4 g5 34. Ke3
Ke7 35. Rc4 Kd7 36. Nc3 Rb8 37. b5 Nc7 38. Rb4 Rb6 39. Kd4 Kc8 40. Kc4 Kb7 41.
Na4 d5+ 42. Kc5 1-0

[Event "AUTO-MASTER-2449"]
[Site "http://www.queenalice.com/game.php?id=1416671"]
[Date "2016.4.4"]
[Round "1"]
[White "josebaron"]
[Black "didene"]
[Result "0-1"]
[WhiteElo "2030"]
[BlackElo "2224"]

1. e4 c5 2. Bc4 e6 3. Nc3 Nc6 4. d3 a6 5. a4 Nf6 6. f4 d6 7. Nf3 Be7 8. O-O O-O
9. h3 d5 10. exd5 exd5 11. Bb3 Be6 12. Ne5 Qc7 13. Nxc6 bxc6 14. Ne2 Rad8 15. c3
c4 16. Bc2 cxd3 17. Qxd3 g6 18. Qxa6 Ne4 19. Qd3 c5 20. Ng3 f5 21. Nxe4 fxe4 22.
Qg3 Ra8 23. h4 Kh8 24. Bd1 d4 25. cxd4 cxd4 26. Bg4 Bc4 27. Re1 e3 28. Kh1 Rxf4
29. Bxe3 Rf1+ 30. Kh2 Qxg3+ 31. Kxg3 Bd6+ 32. Kh3 Rxe1 33. Bxd4+ Be5 34. Bxe5+
Rxe5 35. b4 Be6 36. Bxe6 Rxe6 37. a5 Re3+ 38. Kh2 Re4 39. b5 Rxh4+ 40. Kg3 Rb4
41. b6 Rxb6 0-1

[Event "AUTO-MASTER-2449"]
[Site "http://www.queenalice.com/game.php?id=1416672"]
[Date "2016.4.4"]
[Round "1"]
[White "didene"]
[Black "dadge"]
[Result "1-0"]
[WhiteElo "2201"]
[BlackElo "2082"]

1. e4 c5 2. Nf3 Nc6 3. d4 cxd4 4. Nxd4 d6 5. Nc3 Nf6 6. Be2 g6 7. Bg5 Bg7 8. Nb3
O-O 9. O-O a6 10. Qd2 b5 11. Bf3 Ne5 12. Be2 b4 13. Nd5 Nxd5 14. exd5 a5 15. a3
Bb7 16. axb4 axb4 17. Rxa8 Bxa8 18. Qxb4 Bxd5 19. c4 Be6 20. Nd4 Bd7 21. Re1 Nc6
22. Nxc6 Bxc6 23. Bd3 h6 24. Bxe7 1-0

[Event "AUTO-MASTER-2449"]
[Site "http://www.queenalice.com/game.php?id=1416673"]
[Date "2016.4.4"]
[Round "1"]
[White "dadge"]
[Black "didene"]
[Result "0-1"]
[WhiteElo "2075"]
[BlackElo "2209"]

1. e4 c5 2. Nf3 d6 3. d4 cxd4 4. Nxd4 Nf6 5. Nc3 a6 6. Be2 e6 7. b3 Be7 8. Bb2
Nc6 9. O-O O-O 10. Bf3 e5 11. Nde2 Bg4 12. Ng3 Bxf3 13. Qxf3 Nd4 14. Qd3 Rc8 15.
Nce2 Nxc2 16. Rac1 Nb4 17. Qb1 g6 18. h3 Qd7 19. a3 Rxc1 20. Rxc1 Nc6 21. Qd3
Rc8 22. f3 Nd8 23. f4 Ne6 24. fxe5 Rxc1+ 25. Nxc1 dxe5 26. b4 Nf4 27. Qc2 Bd6
28. Kh2 Qc7 29. Qb3 Qc6 30. Qe3 Qc2 31. Qc3 Qxg2# 0-1

[Event "AUTO-MASTER-2464"]
[Site "http://www.queenalice.com/game.php?id=1422799"]
[Date "2016.5.13"]
[Round "1"]
[White "didene"]
[Black "Eggchaser"]
[Result "1-0"]
[WhiteElo "2234"]
[BlackElo "1964"]

1. e4 c5 2. Nf3 d6 3. d4 cxd4 4. Nxd4 Nf6 5. Nc3 a6 6. Be3 e5 7. Nb3 Be6 8. Qd2
Be7 9. O-O-O O-O 10. f3 a5 11. Bb5 Nc6 12. a4 Nb4 13. g4 d5 14. g5 d4 15. gxf6
dxe3 16. Qg2 1-0

[Event "AUTO-MASTER-2464"]
[Site "http://www.queenalice.com/game.php?id=1422800"]
[Date "2016.5.13"]
[Round "1"]
[White "Eggchaser"]
[Black "didene"]
[Result "0-1"]
[WhiteElo "1955"]
[BlackElo "2230"]

1. d4 Nf6 2. c4 e6 3. Nf3 d5 4. g3 Be7 5. Bg2 O-O 6. O-O dxc4 7. Qc2 b5 8. a4 b4
9. Qxc4 Ba6 10. Qc2 Nbd7 11. Bf4 Nd5 12. Bd2 Bxe2 0-1

[Event "AUTO-MASTER-2464"]
[Site "http://www.queenalice.com/game.php?id=1422801"]
[Date "2016.5.13"]
[Round "1"]
[White "didene"]
[Black "Guilherme_Ottoni"]
[Result "1-0"]
[WhiteElo "2238"]
[BlackElo "2135"]

1. e4 c5 2. Nf3 d6 3. d4 cxd4 4. Nxd4 Nf6 5. Nc3 a6 6. Be3 e5 7. Nb3 Be7 8. Qd2
Be6 9. O-O-O Nbd7 10. f3 h5 11. Nd5 Nxd5 12. exd5 Bf5 13. Bd3 Bxd3 14. Qxd3 Bg5
15. Rhe1 Bxe3+ 16. Rxe3 O-O 17. Kb1 Rc8 18. Re2 Qc7 19. c3 b5 20. f4 f6 21. Qg6
h4 22. Nd4 Nc5 23. Nf5 h3 24. Re3 Qf7 25. Nh6+ 1-0

[Event "AUTO-MASTER-2464"]
[Site "http://www.queenalice.com/game.php?id=1422802"]
[Date "2016.5.13"]
[Round "1"]
[White "Guilherme_Ottoni"]
[Black "didene"]
[Result "0-1"]
[WhiteElo "2154"]
[BlackElo "2247"]

1. e4 c5 2. Nf3 d6 3. Bb5+ Bd7 4. Bxd7+ Nxd7 5. O-O Ngf6 6. Re1 e6 7. c4 Be7 8.
Nc3 a6 9. d4 cxd4 10. Nxd4 O-O 11. b3 Rc8 12. Bb2 Qa5 13. Rc1 Qh5 14. f3 Qg5 15.
Ba3 Ne5 16. Rc2 Ng6 17. Bc1 Qh4 18. g3 Qh3 19. Ba3 Rfd8 20. f4 Bf8 21. Bb2 d5
22. cxd5 exd5 23. exd5 Nxd5 24. Nxd5 Rxd5 25. Rxc8 Qxc8 26. Qf3 Qd7 27. Nc2 Bc5+
28. Kg2 Rd3 29. Qe4 Rd2+ 30. Re2 Nxf4+ 31. gxf4 Qg4+ 32. Kf1 Qg1# 0-1

[Event "AUTO-MASTER-2464"]
[Site "http://www.queenalice.com/game.php?id=1422803"]
[Date "2016.5.13"]
[Round "1"]
[White "didene"]
[Black "renatomfelipe"]
[Result "1-0"]
[WhiteElo "2256"]
[BlackElo "1949"]

1. e4 e6 2. d4 d5 3. Nc3 Bb4 4. e5 Nc6 5. f4 Bd7 6. Nf3 f6 7. Be2 Qe7 8. O-O
Bxc3 9. bxc3 Nh6 10. a4 Na5 11. Nd2 fxe5 12. fxe5 Rf8 13. Nf3 O-O-O 14. Ba3 1-0

[Event "AUTO-MASTER-2464"]
[Site "http://www.queenalice.com/game.php?id=1422804"]
[Date "2016.5.13"]
[Round "1"]
[White "renatomfelipe"]
[Black "didene"]
[Result "0-1"]
[WhiteElo "1942"]
[BlackElo "2259"]

1. e4 c5 2. b3 Nc6 3. Bb2 e6 4. Nf3 d5 5. e5 f6 6. exf6 Nxf6 7. Bb5 Bd6 8. Be5
O-O 9. Bxd6 Qxd6 10. Be2 e5 11. d3 Bg4 12. h3 Bxf3 13. Bxf3 e4 14. dxe4 Qe5 15.
Nd2 dxe4 16. Be2 Rad8 17. Qc1 Qc3 18. Bc4+ Kh8 19. h4 e3 20. fxe3 Ne4 21. Bd3
Nxd2 22. Ke2 c4 23. Qxd2 Rf2+ 0-1

[Event "AUTO-MASTER-2449"]
[Site "http://www.queenalice.com/game.php?id=1432693"]
[Date "2016.7.22"]
[Round "2"]
[White "reycas"]
[Black "didene"]
[Result "0-1"]
[WhiteElo "2160"]
[BlackElo "2282"]

1. e4 e5 2. f4 c5 3. Bc4 Nc6 4. Nf3 exf4 5. d4 cxd4 6. Nxd4 Qh4+ 7. Kf1 Bc5 8.
c3 Nf6 9. Qf3 Ne5 10. Qe2 Nxc4 11. Qxc4 Nxe4 12. Qe2 d5 13. Kg1 O-O 14. Nd2 Bg4
15. Nf3 Qf6 16. Kf1 Rfe8 17. Qd3 Rac8 18. Bd2 Qg6 19. Qc2 Qa6+ 20. Kg1 Bxf3 21.
gxf3 Bxd4+ 22. Kg2 Qg6+ 23. Kf1 Ng3+ 24. hxg3 Qxc2 25. Kg2 Qxd2+ 26. Kh3 fxg3
27. Kxg3 Qg5+ 28. Kh3 Rc6 29. cxd4 Rh6# 0-1

[Event "AUTO-MASTER-2449"]
[Site "http://www.queenalice.com/game.php?id=1432694"]
[Date "2016.7.22"]
[Round "2"]
[White "didene"]
[Black "reycas"]
[Result "1-0"]
[WhiteElo "2290"]
[BlackElo "2127"]

1. e4 Nf6 2. e5 Nd5 3. d4 d6 4. Nf3 g6 5. c4 Nb6 6. exd6 cxd6 7. d5 Bg7 8. Nc3
O-O 9. Be3 Bg4 10. h3 Bxf3 11. Qxf3 N8d7 12. Rc1 Ne5 13. Qf4 g5 14. Qg3 Nbxc4
15. Bxg5 Rc8 16. Bxc4 Rxc4 17. O-O f6 18. Bh6 Ng6 19. Bxg7 Kxg7 20. b3 Rc5 21.
f4 Kh8 22. Qe3 b6 23. g3 Rg8 24. Kh2 Qf8 25. a3 Qh6 26. b4 Rcc8 27. Qf3 a6 28.
Ne2 Qg7 29. Nd4 Rxc1 30. Rxc1 f5 31. Qe3 Qf6 32. Rc6 Rb8 33. Qc3 Kg8 34. Qd3 a5
35. b5 Kg7 36. Nxf5+ Kf7 37. Nd4 h5 38. Ne6 Qb2+ 39. Rc2 Qa1 40. Rc3 Qe1 41.
Qf5+ Ke8 42. Qxg6+ 1-0

[Event "AUTO-MASTER-2449"]
[Site "http://www.queenalice.com/game.php?id=1432695"]
[Date "2016.7.22"]
[Round "2"]
[White "Rachman"]
[Black "didene"]
[Result "1/2-1/2"]
[WhiteElo "2279"]
[BlackElo "2261"]

1. c4 Nf6 2. g3 e5 3. Bg2 d5 4. cxd5 Nxd5 5. Nf3 Nd7 6. O-O Be7 7. Nc3 Nxc3 8.
bxc3 O-O 9. Qc2 Re8 10. Rd1 c5 11. d4 exd4 12. cxd4 Qa5 13. Bd2 Qa6 14. Bc3 Nf6
15. dxc5 Bd7 16. a4 Bc6 17. e3 Be4 18. Qb2 Bxc5 19. Bxf6 gxf6 20. Nd4 Bxg2 21.
Kxg2 Rad8 22. Qc3 Bxd4 23. Rxd4 Rxd4 1/2-1/2

[Event "AUTO-MASTER-2449"]
[Site "http://www.queenalice.com/game.php?id=1432696"]
[Date "2016.7.22"]
[Round "2"]
[White "didene"]
[Black "Rachman"]
[Result "1/2-1/2"]
[WhiteElo "2262"]
[BlackElo "2278"]

1. e4 e6 2. d4 d5 3. Nc3 Bb4 4. e5 c5 5. a3 Bxc3+ 6. bxc3 Ne7 7. Nf3 Nbc6 8. Be2
Qa5 9. Bd2 O-O 10. O-O Qa4 11. Qb1 c4 12. Qb2 h6 13. Rab1 Rb8 14. Rfe1 Bd7 15.
Nh4 Qa5 16. Be3 Nc8 17. Red1 Nb6 18. Bd2 Na4 19. Qa1 b5 20. Bg4 Rb6 21. Nf3 Ra6
22. Re1 Ne7 23. Re3 Nf5 24. Re2 Qd8 1/2-1/2

[Event "AUTO-MASTER-2464"]
[Site "http://www.queenalice.com/game.php?id=1436072"]
[Date "2016.8.13"]
[Round "2"]
[White "szachograjek"]
[Black "didene"]
[Result "0-1"]
[WhiteElo "2207"]
[BlackElo "2262"]

1. e4 c5 2. g3 d6 3. Bg2 Nf6 4. c3 Bg4 5. Ne2 e6 6. h3 Bxe2 7. Qxe2 Nc6 8. f4
Be7 9. Qb5 a6 10. Qa4 Nh5 11. Kf2 Bh4 12. gxh4 Qxh4+ 13. Kg1 Qe1+ 14. Kh2 Qg3+
15. Kg1 Nxf4 0-1

[Event "AUTO-MASTER-2464"]
[Site "http://www.queenalice.com/game.php?id=1436073"]
[Date "2016.8.13"]
[Round "2"]
[White "didene"]
[Black "szachograjek"]
[Result "1/2-1/2"]
[WhiteElo "2305"]
[BlackElo "2223"]

1. e4 e5 2. Nf3 Nc6 3. Bb5 f5 4. Bxc6 dxc6 5. exf5 e4 6. Qe2 Qe7 7. Nd4 Qe5 8.
Ne6 Bxe6 9. fxe6 Nf6 10. d3 Qxe6 11. Nd2 O-O-O 12. Nxe4 Re8 13. f3 Bd6 14. O-O
Kb8 15. Be3 Nd5 16. c4 Nxe3 17. Qxe3 b6 18. Qd2 Rd8 19. Rae1 Qg6 20. f4 Qf5 21.
Qc3 Bc5+ 22. Nxc5 Qxc5+ 23. Kh1 Qf5 24. Rf3 c5 25. Qxg7 Rhg8 26. Qe5 Rge8 27.
Qxe8 Rxe8 28. Rxe8+ Kb7 29. g3 h5 30. b3 Qg4 31. Kg2 h4 32. Re5 h3+ 33. Kf2
1/2-1/2

[Event "AUTO-MASTER-2464"]
[Site "http://www.queenalice.com/game.php?id=1436074"]
[Date "2016.8.13"]
[Round "2"]
[White "ravenga"]
[Black "didene"]
[Result "1/2-1/2"]
[WhiteElo "2231"]
[BlackElo "2307"]

1. e4 c5 2. Nf3 d6 3. d4 cxd4 4. Nxd4 Nf6 5. Nc3 a6 6. Bg5 e5 7. Nb3 Nbd7 8. Be2
Be7 9. Bxf6 Nxf6 10. O-O b5 11. f3 O-O 12. Nd5 Nxd5 13. Qxd5 Qb6+ 14. Kh1 Be6
15. Qd2 Rfc8 16. c3 f5 17. Bd3 f4 18. Bc2 a5 19. Nc1 a4 20. Ne2 Rd8 21. Rfd1 Bf7
22. Qd3 Rac8 23. b3 Qc6 24. g3 fxg3 25. hxg3 Bg5 26. Kg2 b4 27. c4 Qc5 28. f4
Bf6 29. Rac1 exf4 30. gxf4 axb3 31. Bxb3 Ra8 32. Rh1 Re8 33. Ng3 Ra6 1/2-1/2

[Event "AUTO-MASTER-2464"]
[Site "http://www.queenalice.com/game.php?id=1436075"]
[Date "2016.8.13"]
[Round "2"]
[White "didene"]
[Black "ravenga"]
[Result "1-0"]
[WhiteElo "2297"]
[BlackElo "2229"]

1. e4 Nf6 2. e5 Nd5 3. d4 d6 4. c4 Nb6 5. Nf3 Nc6 6. exd6 cxd6 7. Be3 g6 8. Nc3
Bg7 9. Qd2 O-O 10. Bd3 e5 11. dxe5 dxe5 12. O-O f5 13. c5 Nd7 14. Bg5 Qa5 15. a3
Qxc5 16. b4 Nxb4 17. axb4 Qxb4 18. Qa2+ Kh8 19. Nd5 Qg4 20. Be7 e4 21. h3 Qh5
22. Nf4 Qh6 23. Bg5 1-0

[Event "Challenge"]
[Site "http://www.queenalice.com/game.php?id=1439852"]
[Date "2016.9.5"]
[Round "-"]
[White "jpribeiro"]
[Black "didene"]
[Result "0-1"]
[WhiteElo "2199"]
[BlackElo "2272"]

1. e4 c5 2. Nf3 d6 3. d4 cxd4 4. Nxd4 Nf6 5. f3 e6 6. Bb5+ Bd7 7. Bxd7+ Nbxd7 8.
Bg5 Be7 9. Nc3 Rc8 10. O-O Qb6 11. Kh1 Qxb2 12. Na4 Qa3 13. c3 Rc4 14. Bc1 Qxa4
15. Qxa4 Rxa4 16. Rb1 Nc5 17. a3 Kd7 18. Be3 Rxa3 19. Nb5 Ra4 20. Ra1 Rxa1 21.
Rxa1 a6 22. Bxc5 dxc5 23. Na3 b5 24. Nc2 Ra8 25. Ne3 a5 26. c4 b4 0-1